[Event "AUTO-OPEN-1460"]
[Site "http://www.queenalice.com/game.php?id=548666"]
[Date "2009.3.1"]
[Round "1"]
[White "Dinho"]
[Black "danihel"]
[Result "1-0"]
[WhiteElo "1764"]
[BlackElo "1646"]

1. d4 d5 2. Nc3 e6 3. e4 Bb4 4. Bd2 Nf6 5. f3 h6 6. Bd3 c6 7. a3 Bxc3 8. Bxc3 b5
9. Bb4 a5 10. Bd2 Qd6 11. Qe2 Nfd7 12. e5 Qe7 13. Nh3 g5 14. f4 f5 15. fxg5 h5
16. Nf4 Qxg5 17. Nxe6 Qg4 18. Nc7+ Kd8 19. Qxg4 hxg4 20. Nxa8 Bb7 21. Nc7 Kxc7
22. Bxf5 Nb6 23. Bxa5 g3 24. h3 Rh4 25. O-O-O Rf4 26. Bg4 Nd7 27. Rhf1 Rf2 28.
e6 Nf6 29. e7 Ba6 30. Rxf2 gxf2 31. Rf1 Ne8 32. Bxb6+ Kxb6 33. Rxf2 b4 34. Rf8
Nd6 35. Rd8 Kc7 36. Rxd6 bxa3 37. e8=Q Kb6 38. Qxc6+ Ka7 39. Qxa6+ Kb8 40. Qb6+
Ka8 41. Qd8+ Ka7 42. Qe7+ 1-0

[Event "Challenge"]
[Site "http://www.queenalice.com/game.php?id=597260"]
[Date "2009.6.2"]
[Round "-"]
[White "knight401"]
[Black "danihel"]
[Result "0-1"]
[WhiteElo "1344"]
[BlackElo "1530"]

1. e4 e5 2. Nf3 Qf6 3. Nc3 c6 4. Ne2 Bc5 5. c3 b5 6. Ng3 g6 7. d4 exd4 8. cxd4
Bb6 9. Be2 h6 10. Be3 Ba5+ 11. Nd2 c5 12. e5 Qc6 13. O-O Bb7 14. Bf3 Qc7 15. Re1
Na6 16. dxc5 Ne7 17. Bd4 O-O 18. Bxb7 Qxb7 19. Nge4 Rfc8 20. Nd6 Qd5 21. Nxc8
Nxc8 22. Qf3 Qxf3 23. Nxf3 Bxe1 24. Rxe1 Ne7 25. h4 Nf5 26. Bc3 Nxc5 27. e6 fxe6
28. Nh2 Nxh4 29. Ng4 Kf7 30. Nxh6+ Ke7 31. Ng4 Nf5 32. Ne5 g5 33. Rd1 Ne4 34.
Nxd7 Rd8 35. Bb4+ Kf7 36. Ne5+ Ke8 37. Rxd8+ Kxd8 38. Nc6+ Kc7 39. Nxa7 Kb6 40.
Nc8+ Kb7 41. Ne7 g4 42. Ng6 g3 43. f3 Ng5 44. Bd2 Nd4 45. Bxg5 Nf5 46. Ne5 Ka6
47. b4 Nd4 48. Bf4 Nf5 49. Nd3 Kb6 50. Nc5 Nd4 51. Kf1 Nc2 52. Nd3 e5 53. Bxe5
Ne3+ 54. Kg1 Nf5 55. Nc5 Kc6 56. Ne4 Kd5 57. Bxg3 Kc4 58. Nd6+ Nxd6 59. Bxd6 Kd5
60. Bc5 Kc4 61. g4 Kd5 0-1

[Event "AUTO-INT-1365"]
[Site "http://www.queenalice.com/game.php?id=613873"]
[Date "2009.7.5"]
[Round "1"]
[White "danihel"]
[Black "dmdagnone"]
[Result "0-1"]
[WhiteElo "1513"]
[BlackElo "1645"]

1. e3 e5 2. Qf3 Nf6 3. Nh3 d5 4. c4 Bc5 5. Nc3 d4 6. exd4 Bxd4 7. Ne4 Nc6 8.
Nxf6+ gxf6 9. a3 Be6 10. Ra2 f5 11. Qh5 Qf6 12. Ng5 O-O-O 13. d3 h6 14. b4 f4
15. Ne4 Qg7 16. f3 f5 17. Nd2 a6 18. h3 Qg3+ 19. Kd1 e4 20. dxe4 fxe4 21. fxe4
Bc3 22. Qf3 Qxf3+ 23. gxf3 Ne5 24. Rc2 Bd4 25. Ke2 Rhg8 26. Rh2 h5 27. Nb3 Bxc4+
28. Rxc4 Nxc4 29. Bxf4 Nxa3 30. Be3 Be5 31. f4 Bd6 32. Bc5 Bxf4 33. Nd4 Bxh2 34.
b5 Nxb5 35. Ne6 Rde8 36. Nd4 Nc3+ 37. Kd3 Rg3+ 38. Kd2 Nxe4+ 39. Kd1 Nf2+ 40.
Kc2 Re5 41. Ba7 Nxh3 42. Ne2 Rge3 43. Bxe3 Rxe3 44. Nc3 Nf4 45. Kd2 Re5 46. Bc4
h4 47. Bf1 Bg1 48. Kd1 Bd4 49. Nb1 Bf2 50. Bc4 b5 51. Bf7 Re3 52. Kc2 Rd3 53.
Bb3 h3 54. Nc3 h2 55. Ne4 Bd4 56. Bd5 Nxd5 57. Kxd3 h1=Q 58. Nd2 Bf6 59. Nb3
Qf3+ 60. Kd2 Bc3+ 61. Kc2 Qe2+ 62. Kc1 Ne3 0-1

[Event "AUTO-INT-1365"]
[Site "http://www.queenalice.com/game.php?id=613874"]
[Date "2009.7.5"]
[Round "1"]
[White "dmdagnone"]
[Black "danihel"]
[Result "0-1"]
[WhiteElo "1610"]
[BlackElo "1523"]

1. Nf3 d6 2. e4 e5 3. Nc3 Bg4 4. Bc4 c6 5. h3 Bxf3 6. Qxf3 Qf6 7. d3 b5 8. Bb3
h6 9. Be3 Ne7 10. O-O-O a5 11. a3 a4 12. Ba2 Ng6 13. d4 Nh4 14. Qxf6 gxf6 15. g3
Nf3 16. dxe5 fxe5 17. g4 Be7 18. Ne2 Bh4 19. Rxd6 Bg5 20. Bxg5 Nxg5 21. Rhd1 O-O
22. h4 Nh3 23. f3 Na6 24. Rxh6 Nf2 25. Rd7 Rad8 26. Rdd6 Nb8 27. g5 Ng4 28. fxg4
Kg7 29. Rhf6 Nd7 30. Rh6 f6 31. Rxc6 Nb8 32. Rb6 fxg5 33. Rhg6+ Kh7 34. Rxg5
Rf1# 0-1

[Event "AUTO-INT-1365"]
[Site "http://www.queenalice.com/game.php?id=613875"]
[Date "2009.7.5"]
[Round "1"]
[White "danihel"]
[Black "JBLOKO"]
[Result "0-1"]
[WhiteElo "1524"]
[BlackElo "1661"]

1. e3 e5 2. f4 Nc6 3. fxe5 Nxe5 4. d4 Nc6 5. a3 Nf6 6. d5 Ne5 7. Nf3 d6 8. Bb5+
Bd7 9. c4 Nxf3+ 10. gxf3 Be7 11. Bxd7+ Qxd7 12. a4 O-O 13. e4 c6 14. Nc3 Nh5 15.
Rg1 Bh4+ 16. Kd2 Bf2 17. Rg2 Bc5 18. Kc2 Qh3 19. Qe2 Nf4 20. Bxf4 Rae8 21. Rg3
Qh4 22. Bg5 Qh5 23. dxc6 bxc6 24. Qg2 f6 25. Rh3 Qg6 26. f4 fxg5 27. f5 Qf6 28.
Qg4 Rf7 29. Qh5 h6 30. Rb1 d5 31. cxd5 cxd5 32. Nxd5 Qd4 33. Nc3 Qf2+ 34. Ne2
Rxe4 35. Kd2 Rxf5 36. Rd1 Rxa4 37. Rb3 Rd5+ 38. Rd3 Rxd3+ 39. Kxd3 Qe3+ 40. Kc2
Rc4+ 41. Kb1 Qe4+ 42. Ka2 Ra4+ 43. Kb3 Qc4# 0-1

[Event "AUTO-INT-1365"]
[Site "http://www.queenalice.com/game.php?id=613876"]
[Date "2009.7.5"]
[Round "1"]
[White "JBLOKO"]
[Black "danihel"]
[Result "1-0"]
[WhiteElo "1647"]
[BlackElo "1542"]

1. e4 e5 2. Nf3 Qf6 3. g3 d5 4. exd5 Bg4 5. Bg2 e4 6. Qe2 Bxf3 7. Bxf3 Be7 8.
Qxe4 c6 9. O-O Qd6 10. c4 Nf6 11. Qe1 O-O 12. Nc3 Na6 13. d3 Nb4 14. Qe2 Rae8
15. Bf4 Qd7 16. a3 Bc5 17. axb4 Rxe2 18. Nxe2 h6 19. bxc5 a6 20. dxc6 bxc6 21.
Rxa6 Qxd3 22. Bd6 Qxd6 23. cxd6 Rc8 24. Bxc6 Kh7 25. Rd1 g5 26. d7 Nxd7 27. Rxd7
Kg7 28. b4 Kf8 29. b5 g4 30. Ra8 Re8 31. Nf4 Rxa8 32. Bxa8 Ke8 33. Bc6 f5 34. b6
h5 35. b7 h4 36. b8=Q# 1-0

[Event "AUTO-INT-1365"]
[Site "http://www.queenalice.com/game.php?id=613877"]
[Date "2009.7.5"]
[Round "1"]
[White "danihel"]
[Black "Ninho"]
[Result "0-1"]
[WhiteElo "1539"]
[BlackElo "1537"]

1. e4 c5 2. Qf3 Nc6 3. Bb5 Nd4 4. Qd3 a6 5. Bc4 b5 6. Bd5 Ra7 7. c3 e6 8. Bb3
Nxb3 9. axb3 Nf6 10. h3 d5 11. exd5 Qxd5 12. Qxd5 exd5 13. f3 Bd6 14. d3 Bf5 15.
Bg5 Nd7 16. Ke2 O-O 17. g4 Bg6 18. h4 h6 19. Be3 Ne5 20. Kd2 Nxd3 21. h5 Bh7 22.
Ne2 Rfa8 23. b4 Rc7 24. Na3 Rac8 25. f4 cxb4 26. Bb6 Rc6 27. Bd4 bxa3 28. bxa3
Nxf4 29. g5 Nxe2 30. gxh6 Nxd4 31. Rhc1 Nb3+ 32. Kd1 Nxc1 33. Rxc1 Rxc3 34. Rxc3
Rxc3 35. a4 bxa4 36. Kd2 Rb3 37. Ke2 a3 38. hxg7 a2 39. h6 a1=Q 40. Kd2 Qc3+ 41.
Ke2 Qc2+ 42. Ke1 Rb1# 0-1

[Event "AUTO-INT-1365"]
[Site "http://www.queenalice.com/game.php?id=613878"]
[Date "2009.7.5"]
[Round "1"]
[White "Ninho"]
[Black "danihel"]
[Result "1-0"]
[WhiteElo "1774"]
[BlackElo "1530"]

1. e4 e5 2. Nf3 d6 3. Nc3 c6 4. d3 Bg4 5. Be2 Bxf3 6. Bxf3 g6 7. O-O h5 8. d4
Bg7 9. d5 Bh6 10. Be2 b5 11. dxc6 a6 12. Bxh6 Nxh6 13. c7 Qxc7 14. Nd5 Qd8 15.
Qd2 Nc6 16. c3 f5 17. exf5 Nxf5 18. Rad1 Nce7 19. Nf6+ Kf7 20. Ne4 Ra7 21. Nxd6+
Nxd6 22. Qxd6 Ra8 23. Qxe5 Nc6 24. Qf4+ Qf6 25. Qc7+ Ne7 26. Bf3 Rac8 27. Qa5 g5
28. Rd7 g4 29. Bb7 Rce8 30. Qb4 Rhf8 31. Qc5 Kg7 32. Qxh5 Qg6 33. Qe5+ Qf6 34.
Qxf6+ Rxf6 35. Rfd1 Kf8 36. Kf1 Nf5 37. Kg1 Rfe6 38. Kf1 R6e7 39. Rxe7 Rxe7 40.
Bxa6 Re5 41. g3 Ke7 42. Re1 Rxe1+ 43. Kxe1 Nd6 44. Ke2 Kf6 45. Kd3 Ke5 46. b3
Ne4 47. Bxb5 Nxf2+ 48. Kc4 Ne4 49. a4 Nd2+ 50. Kb4 Nf3 51. Kc5 Nd2 52. b4 Ke4
53. Bd7 Kf3 54. a5 Nf1 55. a6 Nxh2 56. a7 Kxg3 57. a8=Q Nf3 58. Qg8 Ne5 59. Bxg4
Nxg4 60. b5 Kf4 61. b6 Nf6 62. Qf8 Ke5 63. Qd6+ Kf5 64. Kc6 Ne4 65. Qd5+ Kf4 66.
b7 Ke3 67. b8=Q Nxc3 68. Qbe5+ Kf2 69. Qxc3 Kf1 70. Qcf3+ Ke1 71. Qdd1# 1-0

[Event "AUTO-INT-1451"]
[Site "http://www.queenalice.com/game.php?id=653940"]
[Date "2009.9.17"]
[Round "1"]
[White "danihel"]
[Black "diego2907"]
[Result "0-1"]
[WhiteElo "1497"]
[BlackElo "1818"]

1. d4 d5 2. Nf3 e6 3. a3 h6 4. g4 Nf6 5. g5 Ne4 6. h4 hxg5 7. e3 gxh4 8. Ne5 Bd6
9. Qg4 g5 10. Qf3 f5 11. Bh3 Qf6 12. Rg1 Bxe5 13. c3 Bd6 14. Bd2 Bd7 15. b4 g4
16. Bxg4 Ng5 17. Qg2 fxg4 18. f4 Ne4 19. Qxg4 Nc6 20. Ra2 O-O-O 21. Kd1 Nf2+ 22.
Ke2 Nxg4 23. Bc1 Rdg8 24. Kd1 Nf2+ 25. Rxf2 Rxg1+ 26. Kc2 Qf5+ 27. Kb2 h3 28.
Rh2 Rg2+ 0-1

[Event "AUTO-INT-1451"]
[Site "http://www.queenalice.com/game.php?id=653941"]
[Date "2009.9.17"]
[Round "1"]
[White "diego2907"]
[Black "danihel"]
[Result "1-0"]
[WhiteElo "1810"]
[BlackElo "1492"]

1. e4 e5 2. Bc4 h6 3. Nf3 Qe7 4. d3 a6 5. a3 Nf6 6. Nc3 b5 7. Bb3 b4 8. Nd5 Nxd5
9. Bxd5 c6 10. Bc4 Qc5 11. axb4 Qxb4+ 12. c3 Qc5 13. Be3 Qd6 14. d4 f6 15. O-O
Bb7 16. Nh4 g5 17. Nf5 Qc7 18. d5 cxd5 19. Qh5+ Kd8 20. Bxd5 Bxd5 21. Rfd1 Bxe4
22. Ng3 Bb7 23. Qf7 Nc6 24. Bb6 Rc8 25. Qxd7# 1-0

[Event "AUTO-INT-1451"]
[Site "http://www.queenalice.com/game.php?id=653942"]
[Date "2009.9.17"]
[Round "1"]
[White "danihel"]
[Black "DanizinhaBH"]
[Result "0-1"]
[WhiteElo "1503"]
[BlackElo "1763"]

1. d4 Nf6 2. Qd3 e6 3. Bg5 h6 4. Bxf6 Qxf6 5. Nc3 c5 6. d5 d6 7. e4 b6 8. Nb5
Kd7 9. O-O-O e5 10. g3 Ba6 11. Bh3+ Ke7 12. Bf5 g6 13. Bh3 h5 14. Rd2 Bh6 15.
Qe2 Bxb5 16. Qxb5 Bxd2+ 17. Kxd2 Qxf2+ 18. Ne2 Nd7 19. Qc6 f5 20. Rf1 Qxh2 21.
Bxf5 gxf5 22. exf5 Qg2 23. Ke1 a6 24. Qa4 Qxd5 25. c4 Qe4 26. Kf2 Nf6 27. Ke1
Rhd8 28. Qb3 d5 29. Qxb6 dxc4 30. Qe6+ Kf8 31. Qxf6+ Kg8 32. Qg5+ Kf8 33. Qh6+
Ke7 34. f6+ Kd7 35. Qd2+ Kc6 36. Qh6 Rd6 37. Kf2 Rad8 38. Nc3 Rd2+ 0-1

[Event "AUTO-INT-1451"]
[Site "http://www.queenalice.com/game.php?id=653943"]
[Date "2009.9.17"]
[Round "1"]
[White "DanizinhaBH"]
[Black "danihel"]
[Result "1-0"]
[WhiteElo "1641"]
[BlackElo "1502"]

1. e4 e5 2. Nf3 d6 3. d4 Bg4 4. d5 a6 5. Be2 c5 6. h3 Bxf3 7. Bxf3 h6 8. c4 g5
9. Bg4 Nd7 10. Bxd7+ Qxd7 11. Bd2 Nf6 12. Nc3 O-O-O 13. a3 Qc7 14. O-O b5 15.
cxb5 Qb6 16. Na4 Qxb5 17. Rc1 Nxe4 18. Qg4+ Kb7 19. Qxe4 Be7 20. Rc2 Rc8 21. Rb1
c4 22. Nc3 Qb3 23. Be3 Rcf8 24. Ne2 f5 25. Qxc4 Rc8 26. Qxb3+ Ka8 27. Rxc8+ Rxc8
28. Rc1 Rb8 29. Qd3 e4 30. Qxa6# 1-0

[Event "AUTO-INT-1451"]
[Site "http://www.queenalice.com/game.php?id=653944"]
[Date "2009.9.17"]
[Round "1"]
[White "danihel"]
[Black "robertson"]
[Result "0-1"]
[WhiteElo "1497"]
[BlackElo "1423"]

1. d4 e6 2. h4 Qf6 3. e3 a5 4. a4 Nh6 5. d5 exd5 6. Qxd5 c6 7. Qe4+ Be7 8. g4
Ng8 9. Ra2 d5 10. Qd4 Qxd4 11. exd4 Bxg4 12. f3 Bf5 13. Nd2 Bxc2 14. Rh2 Nf6 15.
Bh3 O-O 16. Nf1 Bb3 17. Ra1 Bb4+ 18. Kf2 c5 19. Bd2 Nc6 20. Rg2 Rae8 21. Bxb4
Nxb4 22. Ra3 Bc4 23. dxc5 Nd3+ 24. Kg3 Nh5+ 25. Kg4 Ndf4 26. Rd2 Re5 27. Ne3 g6
28. Ne2 Bxe2 29. Rd4 f5+ 30. Kg5 Nxh3+ 31. Kh6 Rf6 32. Nxd5 Rfe6 33. Nc7 Re7 34.
Nd5 Rf7 35. f4 N5xf4 36. Nxf4 Nxf4 37. Rxf4 Rxc5 38. Re3 Bd1 39. Rd4 f4 40. Rd8+
Rf8 41. Ree8 Rxe8 42. Rxe8+ Kf7 43. Re4 Rh5# 0-1

[Event "AUTO-INT-1451"]
[Site "http://www.queenalice.com/game.php?id=653945"]
[Date "2009.9.17"]
[Round "1"]
[White "robertson"]
[Black "danihel"]
[Result "0-1"]
[WhiteElo "1451"]
[BlackElo "1489"]

1. e4 e5 2. Qf3 Nf6 3. Bc4 d6 4. d3 Bg4 5. Qe3 a6 6. Nc3 Nc6 7. a3 Nd4 8. Kd2 g6
9. h3 Be6 10. Nce2 Nc6 11. Bxe6 fxe6 12. b4 b5 13. Kd1 h5 14. f4 Bh6 15. c3 Rg8
16. Nf3 exf4 17. Qf2 g5 18. d4 d5 19. e5 Ne4 20. Qe1 h4 21. Nd2 Kd7 22. Nxe4
dxe4 23. Qf1 Rf8 24. a4 Bg7 25. Ng1 f3 26. gxf3 Rf5 27. d5 exd5 28. Be3 Ke6 29.
Bd4 Bxe5 30. Qg2 e3 31. Bxe5 Nxe5 32. Kc2 d4 33. Rd1 d3+ 34. Kb1 Qd5 35. c4 Nxc4
36. Ne2 d2 37. Kc2 bxa4 38. Nc3 Na3+ 39. Kb2 Qb3+ 0-1

[Event "Challenge"]
[Site "http://www.queenalice.com/game.php?id=661133"]
[Date "2009.10.1"]
[Round "-"]
[White "MrDom"]
[Black "danihel"]
[Result "1-0"]
[WhiteElo "1755"]
[BlackElo "1492"]

1. e4 e5 2. Nf3 d6 3. Nc3 Bg4 4. h3 Bxf3 5. Qxf3 Qf6 6. Be2 Qxf3 7. Bxf3 Nc6 8.
Nd5 O-O-O 9. O-O Nd4 10. Bg4+ Kb8 11. c3 Nc6 12. f4 h5 13. Bd1 Na5 14. b4 Nc4
15. Bb3 Nb6 16. Nxb6 cxb6 17. Bxf7 Nf6 18. d3 Be7 19. Be6 Ne8 20. a4 g6 21. Bf7
Nc7 22. Bxg6 h4 23. f5 Rdf8 24. Kh2 Rhg8 25. Bh6 Rd8 26. d4 Bf6 27. g4 Rh8 28.
g5 Be7 29. f6 Bf8 30. Bxf8 Rdxf8 31. dxe5 dxe5 32. Rf5 Rhg8 33. Bh7 Rh8 34. g6
Ne6 35. g7 1-0

[Event "Challenge"]
[Site "http://www.queenalice.com/game.php?id=661134"]
[Date "2009.10.1"]
[Round "-"]
[White "danihel"]
[Black "MrDom"]
[Result "0-1"]
[WhiteElo "1492"]
[BlackElo "1732"]

1. e4 c5 2. Bc4 Nf6 3. Qf3 e6 4. Nh3 Nc6 5. c3 d5 6. exd5 exd5 7. Bb5 Qb6 8. a4
Bg4 9. Qe3+ Be7 10. Nf4 d4 11. cxd4 cxd4 12. Qb3 a6 13. Bc4 Qxb3 14. Bxb3 O-O
15. h3 Bd6 16. hxg4 Bxf4 17. Bd1 Rfe8+ 18. Kf1 Nb4 19. g3 Nd3 20. gxf4 Re1+ 21.
Kg2 Rxh1 22. Kxh1 Nxf2+ 23. Kg2 Nxd1 24. Na3 Nxg4 25. b4 Rc8 26. b5 Ngf2 27. Bb2
Nxb2 28. Kxf2 Nxa4 29. Rb1 a5 30. Rb3 Nc5 31. Rg3 Ne4+ 0-1

[Event "Challenge"]
[Site "http://www.queenalice.com/game.php?id=663650"]
[Date "2009.10.6"]
[Round "-"]
[White "galo4kid"]
[Black "danihel"]
[Result "1-0"]
[WhiteElo "1600"]
[BlackElo "1494"]

1. d4 d5 2. e3 h5 3. Nf3 Bg4 4. h3 Bxf3 5. Qxf3 e6 6. h4 f5 7. a3 Be7 8. Qd1
Bxh4 9. g3 Bg5 10. Rxh5 g6 11. Rxh8 Kd7 12. Qd3 a6 13. f4 Bf6 14. Rh7+ Kc8 15.
Qb3 Ne7 16. Bd2 Nec6 17. Nc3 Na5 18. Qb4 Nbc6 19. Qa4 Rb8 20. b4 b5 21. Nxb5
axb5 22. Bxb5 Qd6 23. bxa5 Na7 24. Bb4 Qd8 25. Ba6+ Rb7 26. Bxb7+ Kxb7 27. a6+
Ka8 28. Bc5 Qb8 29. Bxa7 Kxa7 30. Qc6 Bd8 31. Qxe6 Qb2 32. Rd1 Qxa3 33. Qc8
Qxe3+ 34. Kf1 Qf3+ 35. Ke1 Qxg3+ 36. Kd2 Qxf4+ 37. Kc3 Qf3+ 38. Rd3 Qxd3+ 39.
cxd3 1-0

[Event "Challenge"]
[Site "http://www.queenalice.com/game.php?id=675648"]
[Date "2009.10.31"]
[Round "-"]
[White "galo4kid"]
[Black "danihel"]
[Result "1-0"]
[WhiteElo "1660"]
[BlackElo "1482"]

1. e4 e5 2. Bc4 Ne7 3. Qf3 f6 4. Ne2 a6 5. Ng3 b5 6. Bb3 Bb7 7. Nh5 Nec6 8.
Nxg7+ Bxg7 9. Qh5+ Ke7 10. Qf7+ Kd6 11. Qxg7 Nd4 12. Nc3 c5 13. Bf7 Nxc2+ 14.
Kd1 Nxa1 15. d3 Nc6 16. Be3 Qa5 17. Qxf6+ Kc7 18. Nd5+ Kb8 19. Qxh8+ Nd8 20.
Qxe5+ Ka7 21. Bxc5+ Qb6 22. Bxb6# 1-0